Zakaullah of Delhi (Record no. 16024)

MARC details
000 -LEADER
fixed length control field 00589nam a2200241 a 4500
020 ## - INTERNATIONAL STANDARD BOOK NUMBER
ISBN 0199090
082 00 - DEWEY DECIMAL CLASSIFICATION NUMBER
Classification number 954.092
Author Cutter AND
100 ## - MAIN ENTRY--AUTHOR NAME
Author name Andrews, C F
245 ## - TITLE STATEMENT
Title Zakaullah of Delhi
260 ## - PUBLICATION, DISTRIBUTION, ETC. (IMPRINT)
Place of publication Londan
Name of publisher Oxford University Press
Year of publication 2003
300 ## - PHYSICAL DESCRIPTION
Number of Pages 112p
500 ## - GENERAL NOTE
General note includes index and biblioraphy
505 2# - FORMATTED CONTENTS NOTE
Formatted contents note References
650 ## - SUBJECT ADDED ENTRY--TOPICAL TERM
Topical Term Biography-Indians
942 ## - ADDED ENTRY ELEMENTS (KOHA)
Koha item type Books
700 1# -
-- Andrews, C F
Holdings
Collection code Home library Current library Date acquired Cost, normal purchase price Full call number Accession Number Koha item type
  Henry Martyn Institute Library Henry Martyn Institute Library 04/05/2007 350.00 954.092 AND 020452 Books
                   Copyright © 2026 | Henry Martyn Institute | Hyderabad | TS-500052 | INDIA | Implemented by hmi.edu.in
Hit-Count:

Powered by Koha